Fundamentals of guides missiles / (Record no. 143452)

MARC details
000 -LEADER
fixed length control field 00594nam a22001937a 4500
005 - DATE AND TIME OF LATEST TRANSACTION
control field 20170817111633.0
010 ## - LCCN (DPL NO)
LC control number ENG-119832
020 ## - INTERNATIONAL STANDARD BOOK NUMBER
International Standard Book Number 9788186514856
Terms of availability 1000.00
035 ## - SYSTEM CONTROL NUMBER
System control number EN-103364
037 ## - SOURCE OF ACQUISITION
Source of stock number/acquisition DBAD/PUB
082 ## - DEWEY DECIMAL CLASSIFICATION NUMBER
Classification number 358.17
100 ## - MAIN ENTRY--PERSONAL NAME
Personal name Mohan, S.R
245 ## - TITLE STATEMENT
Title Fundamentals of guides missiles /
Statement of responsibility, etc by S.R. Mohan
260 ## - PUBLICATION, DISTRIBUTION, ETC. (IMPRINT)
Place of publication, distribution, etc New Delhi
Name of publisher, distributor, etc Defence Research and Development Organisation
Date of publication, distribution, etc 2016
270 ## - ADDRESS
Address Ministry of Defence
City New Delhi
Postal code 110011
300 ## - PHYSICAL DESCRIPTION
Extent xxvi,626p. :
Dimensions 25cm(Hb)
Other physical details ill (col).
500 ## - GENERAL NOTE
General note Includes index
942 ## - ADDED ENTRY ELEMENTS (KOHA)
Source of classification or shelving scheme Dewey Decimal Classification
Item type English Books
Classification part 358.17
Call number suffix MOH
Holdings
Withdrawn status Lost status Not for loan Collection code Home library Current library Date acquired Source of acquisition Cost, normal purchase price Full call number Barcode Copy number Cost, replacement price Koha item type
      Non-fiction Narela Narela 17/08/2017 DBAD/PUB 1000.00 358.17 MOH EN-103364 1 1000.00 English Books

© Delhi Public Library
Hit Counter
free hit counter